Small business management and entrepreneurship. / (Record no. 8571)
[ view plain ]
| 000 -LEADER | |
|---|---|
| fixed length control field | 00637nam a22002297a 4500 |
| 003 - CONTROL NUMBER IDENTIFIER | |
| control field | OSt |
| 005 - DATE AND TIME OF LATEST TRANSACTION | |
| control field | 20220201142231.0 |
| 008 - FIXED-LENGTH DATA ELEMENTS--GENERAL INFORMATION | |
| fixed length control field | 111219t xxu||||| |||| 00| 0 eng d |
| 020 ## - INTERNATIONAL STANDARD BOOK NUMBER | |
| International Standard Book Number | 9781408017999 |
| 040 ## - CATALOGING SOURCE | |
| Transcribing agency | wisconsin university |
| 050 ## - LIBRARY OF CONGRESS CALL NUMBER | |
| Classification number | HB615.S87 |
| 100 ## - MAIN ENTRY--PERSONAL NAME | |
| Fuller form of name | Stokes, David |
| 245 ## - TITLE STATEMENT | |
| Title | Small business management and entrepreneurship. / |
| Statement of responsibility, etc. | David Stokes and Nick Wilson |
| 250 ## - EDITION STATEMENT | |
| Edition statement | 6th ed. |
| 260 ## - PUBLICATION, DISTRIBUTION, ETC. | |
| Place of publication, distribution, etc. | Andover, England: |
| Name of publisher, distributor, etc. | South-Western, |
| Date of publication, distribution, etc. | 2010. |
| 300 x# - PHYSICAL DESCRIPTION | |
| Extent | xviii, 477 p. : |
| Other physical details | ill. ; |
| 500 ## - GENERAL NOTE | |
| General note | Includes index |
| 505 ## - FORMATTED CONTENTS NOTE | |
| Formatted contents note | Contents: |
| 650 ## - SUBJECT ADDED ENTRY--TOPICAL TERM | |
| Topical term or geographic name entry element | Entrepreneurship. |
| 700 ## - ADDED ENTRY--PERSONAL NAME | |
| Fuller form of name | Wilson, Nick |
| 942 ## - ADDED ENTRY ELEMENTS (KOHA) | |
| Source of classification or shelving scheme | Library of Congress Classification |
| Koha item type | Books |
| Withdrawn status | Lost status | Source of classification or shelving scheme | Damaged status | Not for loan | Home library | Current library | Shelving location | Date acquired | Total Checkouts | Full call number | Barcode | Date last seen | Price effective from | Koha item type |
|---|---|---|---|---|---|---|---|---|---|---|---|---|---|---|
| Library of Congress Classification | WISCONSIN INTERNATIONAL UNIVERSITY COLLEGE, GHANA KUMASI LIBRARY | WISCONSIN INTERNATIONAL UNIVERSITY COLLEGE, GHANA KUMASI LIBRARY | General Stacks | 18/10/2019 | HB615.S87(6e) | K/143/143/19 | 01/02/2022 | 01/02/2022 | Books |
